000 01594nam a22002537a 4500
999 _c17634
_d17634
003 BDDh-ASL
005 20231015025617.0
008 170618s2010 bg ab||| |||| 001 0 eng
020 _a9789843315564
037 _bAsiatic Society of Bangladesh publication
_ctk 500
040 _aBDDh-ASL
_cBDDh-ASL
082 _a954.922
_bMUK
245 0 0 _aমুক্তিযুদ্ধে ঢাকা ১৯৭১ : Muktijuddhe Dhaka 1971 ::
_bCelebration of 400 Years of Capital Dhaka 1608-2008, Vol.-7 /
_cসম্পাদক, মোহীত উল আলম, আবু মোঃ দেলোয়ার হোসেন; প্রধান সম্পাদক, শরীফ উদ্দিন আহমেদ
260 _aঢাকা:
_bবাংলাদেশ এশিয়াটিক সোসাইটি,
_c২০১০.
300 _a৩৬৮ পৃ.:
_bছবি, ম্যাপ;
_c২২ সে.মি.
440 _aAsiatic Society of Bangladesh publication;
_vno. 114
_9312
490 _aCelebration of 400 Years of Capital Dhaka 1608-2008;
_vv-7
505 _aগ্রন্থপঞ্জিগত নির্দেশিকা এবং নির্ঘন্ট সংযুক্ত
650 _aDhaka Study
_xLiberation War
_xHistory
_zBangladesh
_9460
700 _4সম্পাদক
_aআলম, মোহীত উল
_9461
700 _4সম্পাদক
_aহোসেন, আবু মোঃ দেলোয়ার
_9462
700 1 _4প্রধান সম্পাদক
_aআহমেদ, শরীফ উদ্দিন
_9463
942 _2ddc
_cBK